Palabras liberadas : (Record no. 169291)

MARC details
000 -LEADER
campo de control de longitud fija 00738nam a2200217 i 4500
001 - NÚMERO DE CONTROL
campo de control 169291
003 - IDENTIFICADOR DE NÚMERO DE CONTROL
campo de control ES-MaACL
005 - FECHA Y HORA DE LA ÚLTIMA TRANSACCIÓN
campo de control 20230906214043.0
008 - DATOS DE LONGITUD FIJA--INFORMACIÓN GENERAL
campo de control de longitud fija 080828s2007 sp a |||| | spa d
020 ## - NÚMERO INTERNACIONAL ESTÁNDAR DEL LIBRO
Número Internacional Estándar del Libro 978-84-7584-601-9
080 ## - NÚMERO DE LA CLASIFICACIÓN DECIMAL UNIVERSAL
Número de la Clasificación Decimal Universal 821.134.2-32"19"
100 1# - ENTRADA PRINCIPAL--NOMBRE DE PERSONA
Nombre de persona Romero Izarra, Gonzalo.
9 (RLIN) 138385
245 10 - MENCIÓN DEL TÍTULO
Título Palabras liberadas :
Resto del título (microrelatos para una pedagogía de la deliberación) /
Mención de responsabilidad, etc. Gonzalo Romero Izarra ; Carmen Alcaide, Raúl Marcos Jiménez, Jesús López Ribera (ilustradores).
250 ## - MENCION DE EDICION
Mención de edición 1ª ed.
260 ## - PUBLICACIÓN, DISTRIBUCIÓN, ETC.
Lugar de publicación, distribución, etc. Barcelona :
Nombre del editor, distribuidor, etc. Laertes,
Fecha de publicación, distribución, etc. 2007.
300 ## - DESCRIPCIÓN FÍSICA
Extensión 115 p. :
Otras características físicas il. ;
Dimensiones 20 cm.
490 1# - MENCIÓN DE SERIE
Mención de serie Camelot ;
Designación de volumen o secuencia 12
830 1# - PUNTO DE ACCESO ADICIONAL DE SERIE-TÍTULO UNIFORME
Título uniforme Camelot ;
Designación de volumen o secuencia 12
9 (RLIN) 222811
852 ## - LOCALIZACIÓN
Ubicación ES-MaACL
Número de control de estantería L-29650
Holdings
Estatus retirado Estado de pérdida Estado de daño No para préstamo Biblioteca de origen Biblioteca actual Ubicación en estantería Fecha de adquisición Fuente de adquisición Total de préstamos Signatura topográfica completa Código de barras Visto por última vez Precio de reemplazo Tipo de ítem Koha
        Biblioteca del Ateneo de Madrid Biblioteca del Ateneo de Madrid Depósito 2 28/08/2008     L-29650 1177734 23/02/2023 23/02/2023 Libro impreso